Enfortim els nostres ajuntaments / Gerència de Serveis d'Assitència al Govern Local
Descripción Física:
[8] p. : il. col. ; 21 cm
MARC
| LEADER | 00000nam a2200000Ia 4500 | ||
|---|---|---|---|
| 001 | 23190 | ||
| 008 | 160829s2011 xx 000 0 cat d | ||
| 080 | |a FU-59-47 | ||
| 110 | |a Barcelona (Catalunya : Província). |b Gerència de Serveis d'Assistència al Govern Local |9 52197 | ||
| 245 | |a Enfortim els nostres ajuntaments / Gerència de Serveis d'Assitència al Govern Local | ||
| 260 | |a Barcelona : |b Diputació de Barcelona. la Gerència, |c 2011 | ||
| 300 | |a [8] p. : |b il. col. ; |c 21 cm | ||
| 590 | |a A la coberta: Bons serveis per als ajuntaments, més benestar per a la ciutadania | ||
| 650 | 0 | |a Municipis |x Govern i administració |x Barcelona (Catalunya : Província) |9 42329 | |
| 901 | |a Arxiu | ||
| 942 | |n 1 | ||
| 952 | |0 0 |1 0 |4 0 |6 FU5947 |7 1 |9 53225 |a Arxiu |b Arxiu |d 2016-12-01 |l 0 |o FU-59-47 |p 23190 |r 2016-12-01 00:00:00 |w 2016-12-01 |y ARXIU | ||
| 999 | |c 57074 |d 57074 | ||